=LDR 00000nam 2200000 4500 =001 INLIS000000000008411 =005 20130612100303 =008 ***********************************Ind** =035 ##$$0010-061300000008411 =041 ##$$a Ind =082 ##$$a 2x4 =090 ##$$a 2x4, Hab f =100 ##$$a AL-HABSYI, Muhammad Bagir =245 ##$$a Fiqh praktis, Menurut Al-Qur'an, A-Sunnah dan Pendapat para Ulama, Muhammad Bagir Al-Habsyi =260 ##$$a 1999 $b Bandung =300 ##$$a 516 hlm =650 ##$$a Fiqih